<?xml version="1.0" encoding="UTF-8"?>
<record
    xmlns:xsi="http://www.w3.org/2001/XMLSchema-instance"
    xsi:schemaLocation="http://www.loc.gov/MARC21/slim http://www.loc.gov/standards/marcxml/schema/MARC21slim.xsd"
    xmlns="http://www.loc.gov/MARC21/slim">

  <leader>01309cam a2200349   4500</leader>
  <controlfield tag="001">.b43271200</controlfield>
  <controlfield tag="003">YEEZEN</controlfield>
  <controlfield tag="005">20260310145000.0</controlfield>
  <controlfield tag="008">251118s2025    ch     g b    000 0 chi d</controlfield>
  <datafield tag="020" ind1=" " ind2=" ">
    <subfield code="a">9786264330633</subfield>
    <subfield code="q">(&#x5E73;&#x88DD;) :</subfield>
    <subfield code="c">NT$380</subfield>
  </datafield>
  <datafield tag="040" ind1=" " ind2=" ">
    <subfield code="a">NTUST</subfield>
    <subfield code="b">chi</subfield>
    <subfield code="c">NTUST</subfield>
    <subfield code="e">CCR</subfield>
  </datafield>
  <datafield tag="041" ind1="1" ind2=" ">
    <subfield code="a">chi</subfield>
    <subfield code="h">kor</subfield>
  </datafield>
  <datafield tag="042" ind1=" " ind2=" ">
    <subfield code="a">nbic</subfield>
  </datafield>
  <datafield tag="090" ind1=" " ind2=" ">
    <subfield code="a">177.1</subfield>
    <subfield code="b">464.3</subfield>
  </datafield>
  <datafield tag="100" ind1="1" ind2=" ">
    <subfield code="a">&#x912D;&#x6587;&#x6B63;</subfield>
  </datafield>
  <datafield tag="240" ind1="1" ind2="0">
    <subfield code="a">&#xB2E4;&#xC815;&#xD558;&#xC9C0;&#xB9CC; &#xB9CC;&#xB9CC;&#xD558;&#xC9C0; &#xC54A;&#xC2B5;&#xB2C8;&#xB2E4;</subfield>
    <subfield code="l">&#x4E2D;&#x6587;</subfield>
  </datafield>
  <datafield tag="245" ind1="1" ind2="0">
    <subfield code="a">&#x5C0D;&#x4F60;&#x89AA;&#x5207;, &#x4E0D;&#x4EE3;&#x8868;&#x6211;&#x597D;&#x6B3A;&#x8CA0; :</subfield>
    <subfield code="b">&#x5B78;&#x6703;&#x7CBE;&#x6E96;&#x8868;&#x9054; &#x8B93;&#x771F;&#x5FC3;&#x4E0D;&#x88AB;&#x8AA4;&#x89E3;&#x7684;31&#x500B;&#x63D0;&#x6848; /</subfield>
    <subfield code="c">&#x912D;&#x6587;&#x6B63;&#x8457; ; &#x9673;&#x54C1;&#x82B3;&#x8B6F;</subfield>
  </datafield>
  <datafield tag="246" ind1="1" ind2=" ">
    <subfield code="a">&#x5B78;&#x6703;&#x7CBE;&#x6E96;&#x8868;&#x9054;, &#x8B93;&#x5FC3;&#x610F;&#x4E0D;&#x88AB;&#x8AA4;&#x89E3;&#x7684;31&#x500B;&#x63D0;&#x6848;</subfield>
  </datafield>
  <datafield tag="246" ind1="1" ind2="0">
    <subfield code="a">&#x5B78;&#x6703;&#x7CBE;&#x6E96;&#x8868;&#x9054; &#x8B93;&#x771F;&#x5FC3;&#x4E0D;&#x88AB;&#x8AA4;&#x89E3;&#x7684;31&#x500B;&#x63D0;&#x6848;</subfield>
  </datafield>
  <datafield tag="250" ind1=" " ind2=" ">
    <subfield code="a">&#x521D;&#x7248;</subfield>
  </datafield>
  <datafield tag="260" ind1=" " ind2=" ">
    <subfield code="a">&#x81FA;&#x5317;&#x5E02; :</subfield>
    <subfield code="b">&#x5927;&#x584A;&#x6587;&#x5316;&#x51FA;&#x7248; ;</subfield>
    <subfield code="a">&#x65B0;&#x5317;&#x5E02;&#x65B0;&#x838A;&#x5340; :</subfield>
    <subfield code="b">&#x5927;&#x548C;&#x7E3D;&#x7D93;&#x92B7;,</subfield>
    <subfield code="c">2025.10</subfield>
  </datafield>
  <datafield tag="300" ind1=" " ind2=" ">
    <subfield code="a">224&#x9762; ;</subfield>
    <subfield code="c">21&#x516C;&#x5206;</subfield>
  </datafield>
  <datafield tag="490" ind1="1" ind2=" ">
    <subfield code="a">Catch ;</subfield>
    <subfield code="v">317.</subfield>
  </datafield>
  <datafield tag="500" ind1=" " ind2=" ">
    <subfield code="a">&#x9644;&#x9304; : 1. &#x6F14;&#x8B1B;&#x6587;1 &#x5FAE;&#x7B11;&#x9762;&#x5C0D;&#x7121;&#x79AE;&#x4E4B;&#x4EBA;&#x7684;&#x65B9;&#x6CD5; ; 2. &#x6F14;&#x8B1B;&#x6587;2 &#x6C92;&#x9322;&#x6C92;&#x52E2;&#x7684;&#x4EBA;&#x5982;&#x679C;&#x60F3;&#x5F80;&#x66F4;&#x597D;&#x7684;&#x5730;&#x65B9;&#x767C;&#x5C55;</subfield>
  </datafield>
  <datafield tag="504" ind1=" " ind2=" ">
    <subfield code="a">&#x53C3;&#x8003;&#x66F8;&#x76EE; : &#x9762;223-224.</subfield>
  </datafield>
  <datafield tag="650" ind1=" " ind2="7">
    <subfield code="a">&#x4EBA;&#x969B;&#x50B3;&#x64AD;</subfield>
    <subfield code="2">lcstt.</subfield>
  </datafield>
  <datafield tag="650" ind1=" " ind2="7">
    <subfield code="a">&#x6E9D;&#x901A;&#x6280;&#x5DE7;</subfield>
    <subfield code="2">lcstt.</subfield>
  </datafield>
  <datafield tag="650" ind1=" " ind2="7">
    <subfield code="a">&#x8AAA;&#x8A71;&#x85DD;&#x8853;</subfield>
    <subfield code="2">lcstt.</subfield>
  </datafield>
  <datafield tag="700" ind1="1" ind2=" ">
    <subfield code="a">&#x9673;&#x54C1;&#x82B3;</subfield>
  </datafield>
  <datafield tag="765" ind1="0" ind2=" ">
    <subfield code="t">&#xB2E4;&#xC815;&#xD558;&#xC9C0;&#xB9CC; &#xB9CC;&#xB9CC;&#xD558;&#xC9C0; &#xC54A;&#xC2B5;&#xB2C8;&#xB2E4;</subfield>
  </datafield>
  <datafield tag="942" ind1=" " ind2=" ">
    <subfield code="2">ccl</subfield>
    <subfield code="c">BOOK</subfield>
  </datafield>
  <datafield tag="999" ind1=" " ind2=" ">
    <subfield code="c">7696</subfield>
    <subfield code="d">7696</subfield>
  </datafield>
  <datafield tag="952" ind1=" " ind2=" ">
    <subfield code="0">0</subfield>
    <subfield code="1">0</subfield>
    <subfield code="2">ccl</subfield>
    <subfield code="4">0</subfield>
    <subfield code="7">0</subfield>
    <subfield code="a">yeezen</subfield>
    <subfield code="b">yeezen</subfield>
    <subfield code="c">YEEZEN</subfield>
    <subfield code="d">2026-03-10</subfield>
    <subfield code="l">3</subfield>
    <subfield code="o">177.1</subfield>
    <subfield code="p">C03279</subfield>
    <subfield code="q">2026-04-27</subfield>
    <subfield code="r">2026-04-13 00:00:00</subfield>
    <subfield code="s">2026-04-13</subfield>
    <subfield code="t">177.1</subfield>
    <subfield code="w">2026-03-10</subfield>
    <subfield code="y">BOOK</subfield>
    <subfield code="z">&#x2605;&#x66A2;&#x92B7;&#x66F8;&#x300A;&#x5FAE;&#x7B11;&#x56DE;&#x61C9;&#x7121;&#x79AE;&#x4E4B;&#x4EBA;&#x300B;&#x5BE6;&#x6230;&#x7BC7; &#x2605;&#x6536;&#x9304;250&#x842C;&#x6B21;&#x89C0;&#x770B;&#x8D85;&#x4EBA;&#x6C23;&#x8A71;&#x984C;&#x6F14;&#x8B1B; &#x2605;&#x63D0;&#x4F9B;31&#x7A2E;&#x7121;&#x5F80;&#x4E0D;&#x5229;&#x6E9D;&#x901A;&#x6CD5; &#x2605;&#x9996;&#x5EA6;&#x516C;&#x958B;&#xFF1A;&#x6BCF;&#x9080;&#x5FC5;&#x6210;&#x300C;&#x9080;&#x8ACB;&#x4FE1;&#x300D;&#x7BC4;&#x672C;  &#x8D8A;&#x60F3;&#x8AAA;&#x6E05;&#x695A;&#xFF0C;&#x53CD;&#x800C;&#x66F4;&#x5BB9;&#x6613;&#x88AB;&#x8AA4;&#x89E3;&#xFF1F; &#x9019;&#x4E0D;&#x662F;&#x4E00;&#x672C;&#x6559;&#x4F60;&#x8B8A;&#x7280;&#x5229;&#x7684;&#x66F8;&#xFF0C; &#x800C;&#x662F;&#x8B93;&#x4F60;&#x4EE5;&#x683C;&#x8ABF;&#x63DB;&#x4F86;&#x771F;&#x6B63;&#x7684;&#x50BE;&#x807D;&#x3002;</subfield>
  </datafield>
</record>
